| 000 | 00765nam a22002057a 4500 | ||
|---|---|---|---|
| 005 | 20100726141813.0 | ||
| 010 | _aENG-96821 | ||
| 020 |
_a9788183161534 _c150.00 |
||
| 035 | _aEN-80354 | ||
| 037 | _bDBAD/PUB | ||
| 082 | _a300.07 | ||
| 100 |
_aMurthy, I V Radhakrishna _91491 |
||
| 245 |
_aMethods of teaching social studies / _cby I V Radhakrishna Murthy [and] B Mary Jecintha |
||
| 260 |
_aNew Delhi _bNeelkamal publications _c2009 |
||
| 270 |
_aBG5/9B, Paschim Vihar _e110063 _bNew Delhi |
||
| 300 |
_axi, 347 p _c21 cm.(pbk) |
||
| 700 |
_aJecintha, B Mary _91492 |
||
| 942 |
_2ddc _cEN _h300.07 _mMUR |
||
| 999 |
_c37730 _d37730 |
||